Das neue tschechische Jugendgerichtsgesetz - seine gesetzlichen Grundlagen und Spezifika

Saved in:  
Bibliographic Details
Authors: Válková, Helena 1951- (Author) ; Sima, Tomas (Author)
Format: Print Article
Language:German
Published: 2006
In: Verantwortung für Jugend
Year: 2006, Pages: 482-501
Check availability: HBZ Gateway
Keywords:

MARC

LEADER 00000caa a2200000 c 4500
001 1331586518
003 DE-627
005 20240625172646.0
007 tu
008 070208s2006 gw ||||| 00| ||ger c
020 |a 9783936999242 
035 |a (DE-627)1331586518 
035 |a (DE-576)261586513 
035 |a (DE-599)BSZ261586513 
040 |a DE-627  |b ger  |c DE-627  |e rakwb 
041 |a ger 
044 |c XA-DE 
100 1 |a Válková, Helena  |d 1951-  |0 (DE-588)1104402432  |0 (DE-627)861872959  |0 (DE-576)170016498  |4 aut 
109 |a Válková, Helena 1951- 
245 1 4 |a Das neue tschechische Jugendgerichtsgesetz - seine gesetzlichen Grundlagen und Spezifika  |c Helena Válková ; Tomas Sima 
264 1 |c 2006 
336 |a Text  |b txt  |2 rdacontent 
337 |a ohne Hilfsmittel zu benutzen  |b n  |2 rdamedia 
338 |a Band  |b nc  |2 rdacarrier 
700 1 |a Sima, Tomas  |4 aut 
773 0 8 |i In  |t Verantwortung für Jugend  |d Mönchengladbach : Forum-Verl. Godesberg, 2006  |g (2006), Seite 482-501  |h 586 S.  |w (DE-627)517825074  |w (DE-576)257787534  |z 3936999244  |z 9783936999242  |7 nnam 
773 1 8 |g year:2006  |g pages:482-501 
889 |w (DE-627)541607979 
935 |a mkri 
935 |i mdedup 
951 |a AR 
ELC |b 1 
LOK |0 000 xxxxxcx a22 zn 4500 
LOK |0 001 2899479490 
LOK |0 003 DE-627 
LOK |0 004 1331586518 
LOK |0 005 20260120133749 
LOK |0 008 160208||||||||||||||||ger||||||| 
LOK |0 040   |a DE-21-110  |c DE-627  |d DE-21-110 
LOK |0 689   |a s  |a Jugendgerichtsgesetz 
LOK |0 689   |a g  |a Tschechien 
LOK |0 852   |a DE-21-110 
LOK |0 852 1  |m p  |9 00 
LOK |0 935   |a k110 
LOK |0 938   |k p 
LOK |0 939   |a 08-02-16  |b l01 
ORI |a SA-MARC-krimdoka001.raw